Xã hội học
Nội dung sách: Đối tượng, chức năng và nhiệm vụ của xã hội học; Sự ra đời và phát triển xã hội học; Phương pháp nghiên cứu xã hội học thực nghiệm; Hành động xã hội và tương tác xã hội; Tổ chức xã hội và thiết chế xã hội; Cơ c...
Bewaard in:
| Hoofdauteur: | |
|---|---|
| Formaat: | Boek |
| Taal: | Undetermined |
| Gepubliceerd in: |
Hà Nội
Giáo dục
1998
|
| Onderwerpen: | |
| Tags: |
Voeg label toe
Geen labels, Wees de eerste die dit record labelt!
|
| Thư viện lưu trữ: | Trung tâm Học liệu Trường Đại học Cần Thơ |
|---|
| LEADER | 01017nam a2200205Ia 4500 | ||
|---|---|---|---|
| 001 | CTU_153775 | ||
| 008 | 210402s9999 xx 000 0 und d | ||
| 020 | |c 18000 | ||
| 082 | |a 301 | ||
| 082 | |b D431 | ||
| 100 | |a Phạm, Tất Dong | ||
| 245 | 0 | |a Xã hội học | |
| 245 | 0 | |c Phạm Tất Dong, Lê Ngọc Hùng (Đồng chủ biên) ; Phạm Văn Quyết, Nguyễn Quý Thanh, Hoàng Bá Thịnh | |
| 260 | |a Hà Nội | ||
| 260 | |b Giáo dục | ||
| 260 | |c 1998 | ||
| 520 | |a Nội dung sách: Đối tượng, chức năng và nhiệm vụ của xã hội học; Sự ra đời và phát triển xã hội học; Phương pháp nghiên cứu xã hội học thực nghiệm; Hành động xã hội và tương tác xã hội; Tổ chức xã hội và thiết chế xã hội; Cơ cấu xã hội;... | ||
| 650 | |a Sociology | ||
| 904 | |i Giang | ||
| 980 | |a Trung tâm Học liệu Trường Đại học Cần Thơ | ||